Top 50 UK Garden Birds - Statistics

General Stats
  • This quiz has been taken 1,052 times
  • The average score is 22 of 50
Answer Stats
# Bird % Correct
7 Robin
94%
4 Blue Tit
93%
3 Blackbird
87%
8 Great Tit
80%
1 House Sparrow
74%
13 Magpie
74%
2 Starling
72%
5 Wood Pigeon
71%
11 Goldfinch
70%
19 Wren
70%
9 Chaffinch
69%
12 Greenfinch
64%
16 Coal Tit
63%
28 Bullfinch
57%
15 Jackdaw
57%
29 Jay
55%
24 Rook
54%
14 Long-Tailed Tit
53%
10 Dunnock
51%
21 Song Thrush
51%
6 Collared Dove
46%
40 Green Woodpecker
43%
18 Carrion Crow
41%
45 Mistle Thrush
41%
27 Nuthatch
41%
38 Sparrowhawk
39%
46 Goldcrest
38%
32 Mallard
38%
26 Tree Sparrow
36%
44 Yellowhammer
35%
23 Great Spotted Woodpecker
33%
30 Pied Wagtail
33%
41 Buzzard
32%
50 Chiffchaff
29%
31 Blackcap
28%
17 Feral Pigeon
27%
43 Herring Gull
27%
20 Siskin
27%
49 Lesser Spotted Woodpecker
26%
42 Redwing
26%
48 Marsh Tit
25%
22 Pheasant
25%
33 Fieldfare
24%
34 Black-Headed Gull
23%
47 Grey Wagtail
18%
25 Common Gull
16%
39 Moorhen
16%
36 Brambling
12%
35 Ring Necked Parakeet
6%
37 Great Black-Backed Gull
4%
No matching quizzes found
Score Distribution
Percent of People with Each Score
Percentile by Number Answered
Your Score History
You have not taken this quiz